000 00254nam a2200109Ia 4500
999 _c9459
_d9459
020 _a9788174732613
100 _aN.C.Jain Saakshi
245 0 _aTextbook of Marketing Management
260 _aNew Jersey
_bThomson South
_c1989
300 _a231
942 _cBK